Country Fun Facts - Statistics

General Stats
  • This quiz has been taken 13 times
  • The average score is 4 of 19
Answers on the Map
Answers color-coded by a green-red scale on the quiz's map according to % correct below.
 
Answer Stats
Answer % Correct
The tallest mountain in Africa is found here
64%
Country known as "El Crocodilo"
45%
Country with more horses than people
45%
Country where the world's first national park was created
36%
Largest land locked country
36%
Country where the first alarm clock was invented
18%
Home of the world's oldest bookshop
18%
Its capital city is sinking
18%
Tthe only country in the world without any rivers
18%
Country where camel races with robot jockeys are held
9%
Country with the world's largest mangrove forest
9%
Country with the world's largest religious monument
9%
First country to implement Daylight Saving Time
9%
Home of the world's oldest amusement park
9%
Native country of the designer of the White House
9%
Only country entirely above 1000m (3,281 feet) in elevation
9%
The largest dinosaur ever discovered was found here
9%
The largest lizard on Earth is found here
9%
The world's largest cave is found here
0%
No matching quizzes found
Score Distribution
Percent of People with Each Score
Percentile by Number Answered
Your Score History
You have not taken this quiz